Drug Dosages in Children (Record no. 1425)

MARC details
000 -LEADER
Fixed length control field 00657nam a2200241Ia 4500
003 - CONTROL NUMBER IDENTIFIER
Control field IIN
005 - DATE AND TIME OF LATEST TRANSACTION
Control field 20240122161020.0
008 - FIXED-LENGTH DATA ELEMENTS--GENERAL INFORMATION
Fixed length control field 231217s9999 xx 000 0 und d
020 ## - INTERNATIONAL STANDARD BOOK NUMBER / ISBN
Price Rs.225.00
International Standard Book Number 9789388902663
040 ## - CATALOGING SOURCE
Original cataloging agency IIN
Language of cataloging English
082 ## - DEWEY DECIMAL CLASSIFICATION NUMBER
Classification number 615.1
Book Number SIN
100 1# - MAIN ENTRY--PERSONAL NAME
Personal name Singh,Meharban
245 1# - TITLE STATEMENT
Title Drug Dosages in Children
Statement of responsibility Meharban Singh & Ashok K. Deorari
250 ## - EDITION STATEMENT
Edition statement 10th ed
260 ## - IMPRINT
Name of publisher CBS
Place of publication New Delhi
Date of publication 2023
300 ## - PHYSICAL DESCRIPTION
Page / Vol. No xviii, 225p.
500 ## - GENERAL NOTE
General note This books are reference book.
650 1# - SUBJECT ADDED ENTRY--TOPICAL TERM
Topical term Drug
Form subdivision in Children
650 1# - SUBJECT ADDED ENTRY--TOPICAL TERM
Topical term Medicine
Form subdivision for Children
650 1# - SUBJECT ADDED ENTRY--TOPICAL TERM
Topical term Pediatric
Form subdivision Drug
700 1# - ADDED ENTRY--PERSONAL NAME
Personal name Deorari, Ashok K.
942 ## - ADDED ENTRY ELEMENTS (KOHA)
Koha item type Books
Holdings
Withdrawn status Lost status Damaged status Not for loan Collection code Home library Current library Date acquired Price Total Checkouts Call number Accession number Date last seen Price effective from Koha item type
          IDEAL INSTITUTE OF NURSING IDEAL INSTITUTE OF NURSING 17/12/2023 225.00   615.1 SIN 1419 17/12/2023 17/12/2023 Books
          IDEAL INSTITUTE OF NURSING IDEAL INSTITUTE OF NURSING 17/12/2023 225.00   615.1 SIN 1420 17/12/2023 17/12/2023 Books
          IDEAL INSTITUTE OF NURSING IDEAL INSTITUTE OF NURSING 17/12/2023 225.00   615.1 SIN 1421 17/12/2023 17/12/2023 Books
© Ideal Institute Of Nursing, All rights reserved.         Powered by Koha